| 000 | 00000nas 2200000za 4500 |
| 001 | 9.842837 |
| 003 | CaOODSP |
| 005 | 20251103145407 |
| 007 | cr ||||||||||| |
| 008 | 170831c20169999onc x m o f0 b0fre|d |
| 040 | |aCaOODSP|bfre |
| 043 | |an-cn--- |
| 086 | 1 |aD97-2F-PDF |
| 130 | 0 |aSérie hauts dirigeants (Centre de la sécurité des télécommunications (Canada)) |
| 245 | 10|aSérie hauts dirigeants |h[ressource électronique]. |
| 246 | 13|aSérie haut dirigeants |
| 260 | |a[Ottawa] : |bCentre de la sécurité des télécommunications = Communications Security Establishment, |c[2016]- |
| 310 | |aIrrégulier |
| 362 | 1 |aParaît depuis : ITSE.80.001 (juin 2016). |
| 500 | |aPubl. aussi en anglais sous le titre : Executive series. |
| 692 | 07|2gccst|aCommunications |
| 692 | 07|2gccst|aGouvernement fédéral |
| 692 | 07|2gccst|aSécurité |
| 710 | 2 |aCentre de la sécurité des télécommunications (Canada) |
| 775 | 08|tExecutive series |w(CaOODSP)9.842836 |